Movie Word Quintets XXII Quiz Stats

 Plays Quiz Updated Feb 16, 2020

Support Sporcle.
Go Orange.
Score 0/30 Timer 08:00
9 Plays Today
% Correct
¡Three Amigos!
92.6%
Night at the Museum
90.2%
The Princess Diaries
88.4%
The Three Musketeers
85.7%
Saturday Night Fever
84.2%
12 Angry Men
76.9%
Friends with Benefits
70.6%
Date Night
66.2%
Three Kings
63.7%
Three Billboards Outside Ebbing, Missouri
63.5%
Of Mice and Men
52.3%
In the Heat of the Night
51.6%
Under the Tuscan Sun
49.5%
Under Siege
48.6%
The Basketball Diaries
48.2%
% Correct
Just Friends
40.7%
Courage Under Fire
40.3%
Three Days of the Condor
32.2%
Mystery Men
31.9%
Matchstick Men
31%
The Nanny Diaries
28.7%
The Motorcycle Diaries
26.7%
Men of Honor
26.5%
Under the Skin
20.2%
Friends with Kids
18.4%
Fright Night
14.7%
Chernobyl Diaries
13%
Under Suspicion
10.5%
How to Lose Friends & Alienate People
10.3%
Peter's Friends
7.3%

From the Vault

Who's Cruise?

by rockgolf

Movies 7m
Use clues...
Remove Ads.
Support Sporcle.
Get the best of Sporcle when you Go Orange. This ad-free experience offers more features, more stats, and more fun while also helping to support Sporcle. Thank you for becoming a member.

Show Comments

Extras

Top Quizzes Today


Score Distribution

Your Account Isn't Verified!

In order to create a playlist on Sporcle, you need to verify the email address you used during registration. Go to your Sporcle Settings to finish the process.

Report this User

Report this user for behavior that violates our Community Guidelines.

Details: